logo

Bir Sreshtho Munshi Abdur Rouf Library
Jhenaidah Cadet College

মরমী কবি মঈনউদ্দিন : জীবন ও কাব্য / (Record no. 3674)

MARC details
000 -LEADER
fixed length control field 00837nam a2200229 a 4500
001 - CONTROL NUMBER
JCCL Control Number 3674
003 - CONTROL NUMBER IDENTIFIER
JCCL marc code BD-JhCC
005 - DATE AND TIME OF LATEST TRANSACTION
control field 20171116084824.0
008 - FIXED-LENGTH DATA ELEMENTS--GENERAL INFORMATION
fixed length control field 171116s2009 bg |||| |||| 001 0 ben d
035 ## - SYSTEM CONTROL NUMBER
system control number (BD-JhCC) 3674
040 ## - CATALOGING SOURCE
Original cataloging agency BD-JhCC
Modifying agency BD-JhCC
041 ## - LANGUAGE CODE
Language code of Book eng
082 ## - DEWEY DECIMAL CLASSIFICATION NUMBER
Classification number 780.88294
Author mark and Year ISL 2009
100 ## - MAIN ENTRY--PERSONAL NAME
Personal name ইসলাম, কাজী আনোয়ারুল
245 ## - TITLE STATEMENT
Title মরমী কবি মঈনউদ্দিন : জীবন ও কাব্য /
Statement of responsibility, etc কাজী আনোয়ারুল ইসলাম
260 ## - PUBLICATION, DISTRIBUTION, ETC. (IMPRINT)
Place of publication, distribution, etc ঝিনাইদহ :
Name of publisher, distributor, etc সৃজনী প্রিন্টার্স এন্ড পাবলিকেশন,
Date of publication, distribution, etc ২০০৯.
300 ## - PHYSICAL DESCRIPTION
Pagination ৪১৮ পৃ. :
Dimensions ২২ সেমি.
650 ## - SUBJECT ADDED ENTRY--TOPICAL TERM
Topical term or geographic name as entry element Mystic poet
650 ## - SUBJECT ADDED ENTRY--TOPICAL TERM
Topical term or geographic name as entry element Moyin uddin
942 ## - ADDED ENTRY ELEMENTS (KOHA)
Source of classification or shelving scheme Dewey Decimal Classification
Koha item type Books
Holdings
Source of classification or shelving scheme Damaged status Not for loan Home library Current library Shelving location Date of accession Cost, normal purchase price Total Checkouts Full call number Barcode Date last seen Copy number Koha item type Method of acquisition Currency
Dewey Decimal Classification     JCC Rouf Library JCC Rouf Library General Stacks 11/16/2017 400.00   780.88294 ISL 2009 5330 11/16/2017 C-1 Books    
Dewey Decimal Classification     JCC Rouf Library JCC Rouf Library General Stacks 11/16/2017 400.00   780.88294 ISL 2009 5329 11/16/2017 C-2 Books    
Dewey Decimal Classification     JCC Rouf Library JCC Rouf Library General Stacks 11/19/2017 400.00   780.88294 ISL 2009 5510 11/19/2017 C-3 Books    
Dewey Decimal Classification     JCC Rouf Library JCC Rouf Library General Stacks 11/19/2017 400.00   780.88294 ISL 2009 5511 11/19/2017 C-4 Books    
Dewey Decimal Classification     JCC Rouf Library JCC Rouf Library General Stacks 11/20/2017 400.00   780.88294 ISL 2009 5821 06/19/2023 C- 5 Books Purchase  

JCC Library | Contacts | JCC Home

Last Update on 23 September 2017
Copyright @ 2017-2020 JCC Rouf Library
Rouf Library, Jhenidah Cadet College (JCC), Bangladesh